000 00763nab a22002417a 4500
001 22284
003 HDC
007 cr bn ---aaaaa
008 210128c20160104my ||||| |||| 00| 0 may d
040 _aHDC
100 _aSiti Zarinah Sahib,
_eauthor
_911721
245 0 _aTARIKAN HEBAT MAKANAN KOREA /
_cSiti Zarinah Sahib
336 _atext
_2rdacontent
337 _acomputer
_2rdamedia
338 _aonline resource
_2rdacarrier
650 _aIslamic law
_9590
650 _aKorean food
_917456
710 _aHarian Metro
856 _zRequest full-text at [email protected]
942 _2lcc
942 _cNEWS
942 _kNWSC 006515
999 _c19600
_d19600